[Event "Montreal op"]
[Site "Montreal CAN"]
[Date "2011.09.10"]
[Round "2.7"]
[White "Leutschaft, Martin"]
[Black "Hamilton, Robert"]
[Result "1-0"]
[WhiteElo "2099"]
[BlackElo "2301"]
[PlyCount "73"]
[GameId "2160767909648382"]
[EventDate "2011.09.09"]
[EventType "swiss"]
[EventRounds "5"]
[EventCountry "CAN"]

1. e4 c5 2. c3 d5 3. exd5 Qxd5 4. d4 Nc6 5. Nf3 Nf6 6. Be2 e6 7. Na3 cxd4 8. Nb5 Qd8 9. Nbxd4 Nxd4 10. Nxd4 Bc5 11. Nb3 Bd6 12. Be3 Qc7 13. Nd4 a6 14. Qa4+ Bd7 15. Nb5 Bxb5 16. Bxb5+ Ke7 17. Be2 Nd5 18. Qh4+ f6 19. Bd2 Bf4 20. Rd1 Rad8 21. O-O h5 22. Bxf4 Nxf4 23. Rde1 Rd2 24. Bf3 Kf7 25. Qg3 g5 26. h4 g4 27. Re4 e5 28. Bd1 f5 29. Bb3+ Kf6 30. Qe3 Rhd8 31. Rxf4 exf4 32. Qe6+ Kg7 33. Qxf5 Qe7 34. Qxh5 g3 35. Qg4+ Kh6 36. Qxf4+ Kh5 37. Bf7+ 1-0

[Event "Montreal op"]
[Site "Montreal CAN"]
[Date "2011.09.10"]
[Round "2.8"]
[White "Gulko, Andrei"]
[Black "Zhu, Hong Rui"]
[Result "0-1"]
[WhiteElo "2215"]
[BlackElo "1959"]
[PlyCount "102"]
[GameId "2160767909648383"]
[EventDate "2011.09.09"]
[EventType "swiss"]
[EventRounds "5"]
[EventCountry "CAN"]

1. d4 d5 2. Bg5 Nf6 3. Nd2 Bf5 4. e3 Nbd7 5. Ngf3 e6 6. c4 Be7 7. Qb3 Rb8 8. cxd5 exd5 9. Bd3 Bxd3 10. Qxd3 O-O 11. O-O Ne4 12. Bf4 Ndf6 13. Rac1 Rc8 14. Qb3 b6 15. Rc6 Qd7 16. Qc2 Nxd2 17. Nxd2 Ne8 18. Nf3 f6 19. Rc1 Bd8 20. b4 Rf7 21. Qa4 Ra8 22. Qb3 Re7 23. Rd6 Nxd6 24. Qxd5+ Nf7 25. Qxa8 Qa4 26. h4 Qa3 27. Rc6 Re8 28. Bxc7 Qa6 29. Rc1 Rf8 30. Qd5 Be7 31. b5 Qa3 32. Rc6 Kh8 33. h5 Qd3 34. g3 Nh6 35. Re6 Ba3 36. Qb3 Qe2 37. Qxa3 Rg8 38. e4 Ng4 39. Kg2 Qxf2+ 40. Kh3 Ne3 41. Qxe3 Qxe3 42. Kg4 Rc8 43. d5 g6 44. Rxf6 Rxc7 45. h6 Kg8 46. Rf4 Rf7 47. e5 Rf5 48. d6 Kf8 49. Rxf5+ gxf5+ 50. Kxf5 Qxf3+ 51. Ke6 Qf7# 0-1

[Event "Montreal op"]
[Site "Montreal CAN"]
[Date "2011.09.10"]
[Round "2.9"]
[White "Trottier, Emile"]
[Black "Schott, Guido"]
[Result "1-0"]
[WhiteElo "2090"]
[BlackElo "2184"]
[PlyCount "103"]
[GameId "2160767909648384"]
[EventDate "2011.09.09"]
[EventType "swiss"]
[EventRounds "5"]
[EventCountry "CAN"]

1. e4 e5 2. Nf3 d6 3. Nc3 Nf6 4. Bc4 Be7 5. d4 exd4 6. Nxd4 O-O 7. Be3 c6 8. Qd2 a6 9. a4 b6 10. O-O Re8 11. h3 Bf8 12. Bg5 h6 13. Bxf6 Qxf6 14. f4 Ra7 15. g4 Rae7 16. b4 Qh4 17. Qg2 d5 18. e5 Re6 19. Nxe6 Rxe6 20. Bd3 Bxb4 21. Ne2 Re8 22. c3 Bc5+ 23. Nd4 Nd7 24. Kh2 Nf8 25. Nxc6 Ne6 26. Rad1 Be3 27. f5 Bf4+ 28. Kh1 Ng5 29. Rxf4 Nxh3 30. Qh2 Bd7 31. Nd4 Rxe5 32. Nf3 Nf2+ 33. Kg2 Qxh2+ 34. Kxh2 Re3 35. Bc2 Rxc3 36. Rd2 Nxg4+ 37. Rxg4 Rxf3 38. Rdg2 g5 39. Rd4 Bc6 40. Re2 Kf8 41. Rb4 b5 42. a5 Kg7 43. Rb3 Rf4 44. Rc3 Bd7 45. Rc7 Bxf5 46. Bxf5 Rxf5 47. Rc6 Rf6 48. Rb6 h5 49. Re5 Rf2+ 50. Kg3 Rd2 51. Rxg5+ Kf8 52. Rxa6 1-0

[Event "Montreal op"]
[Site "Montreal CAN"]
[Date "2011.09.10"]
[Round "2.10"]
[White "Pottinger, Carl"]
[Black "Robichaud, Louis"]
[Result "1/2-1/2"]
[WhiteElo "2001"]
[BlackElo "2114"]
[PlyCount "89"]
[GameId "2160767909648385"]
[EventDate "2011.09.09"]
[EventType "swiss"]
[EventRounds "5"]
[EventCountry "CAN"]

1. c4 Nf6 2. g3 g6 3. Bg2 Bg7 4. d3 O-O 5. e4 d6 6. Ne2 c5 7. O-O Nc6 8. Nbc3 Ne8 9. Be3 Nd4 10. Qd2 Bg4 11. f3 Bd7 12. h3 Rb8 13. Rac1 b5 14. b3 Nc7 15. Nd5 Nxe2+ 16. Qxe2 Ne6 17. f4 Nd4 18. Qd2 e6 19. Nc3 f5 20. Ne2 a5 21. Bxd4 cxd4 22. c5 dxc5 23. Rxc5 Rf7 24. exf5 Rxf5 25. Rfc1 Bf8 26. Rc7 Bd6 27. Rb7 Rxb7 28. Bxb7 Ba3 29. Rc2 Qb6 30. Bg2 Rf8 31. Kh2 h5 32. h4 Kh7 33. Ng1 Kg7 34. Nf3 Bc6 35. Qe2 Bxf3 36. Qe5+ Kg8 37. Rc7 Rf7 38. Rc8+ Rf8 39. Rxf8+ Bxf8 40. Bxf3 Bg7 41. Qg5 e5 42. fxe5 Qe6 43. Qd8+ Kh7 44. Qxd4 Bxe5 45. Qe4 1/2-1/2

[Event "Montreal op"]
[Site "Montreal CAN"]
[Date "2011.09.10"]
[Round "2.11"]
[White "Desjardins, Michel"]
[Black "Masse, Hugues"]
[Result "0-1"]
[WhiteElo "1986"]
[BlackElo "2239"]
[PlyCount "106"]
[GameId "2160767909648386"]
[EventDate "2011.09.09"]
[EventType "swiss"]
[EventRounds "5"]
[EventCountry "CAN"]

1. e4 e6 2. d4 d5 3. e5 c5 4. c3 Nc6 5. Nf3 Bd7 6. a3 f6 7. Bd3 fxe5 8. Nxe5 Nxe5 9. dxe5 g6 10. c4 Bg7 11. Nc3 Ne7 12. Bg5 Bc6 13. Qg4 Qd7 14. Bxe7 Qxe7 15. f4 O-O 16. O-O a6 17. a4 Rab8 18. h4 Rfe8 19. Ra2 dxc4 20. Bxc4 b5 21. axb5 axb5 22. Bd3 c4 23. Be4 b4 24. Bxc6 Qc5+ 25. Kh2 Qxc6 26. Ne2 Rbd8 27. Rfa1 Rd2 28. Ra6 Qd7 29. R1a2 b3 30. R2a4 Rxb2 31. Nc3 Qd4 32. Rxe6 Rf8 33. Rf6 Bxf6 34. Qe6+ Kh8 35. exf6 Qxc3 36. f7 Qg7 37. Ra8 h6 38. Rxf8+ Qxf8 39. Qf6+ Kh7 40. h5 gxh5 41. Qf5+ Kg7 42. Qe5+ Kxf7 43. Qc7+ Kg6 44. Qc6+ Qf6 45. Qe8+ Kf5 46. Qxh5+ Kxf4 47. Qf3+ Ke5 48. Qc3+ Kf5 49. Qf3+ Ke6 50. Qc6+ Ke5 51. Qc5+ Ke4 52. Qxc4+ Qd4 53. Qe6+ Qe5+ 0-1

[Event "Montreal op"]
[Site "Montreal CAN"]
[Date "2011.09.10"]
[Round "2.13"]
[White "Luo, Zhao Yang"]
[Black "Ramaswamy, Kishor"]
[Result "0-1"]
[WhiteElo "1935"]
[BlackElo "2140"]
[PlyCount "60"]
[GameId "2160767909648388"]
[EventDate "2011.09.09"]
[EventType "swiss"]
[EventRounds "5"]
[EventCountry "CAN"]

1. d4 d5 2. Nf3 Nf6 3. e3 c6 4. Be2 Bg4 5. O-O Nbd7 6. Nbd2 e6 7. b3 Bd6 8. Bb2 O-O 9. Ne5 Bxe2 10. Qxe2 Ne4 11. Nxe4 dxe4 12. Rad1 f5 13. f4 exf3 14. Rxf3 Nf6 15. Rh3 g6 16. c4 Qa5 17. a3 Bxe5 18. dxe5 Ne4 19. Rd7 Ng5 20. Rg3 Rf7 21. b4 Qb6 22. c5 Qb5 23. Qd1 Rxd7 24. Qxd7 Qe2 25. Bc3 Ne4 26. Qxe6+ Kf8 27. Rf3 Rd8 28. Bd4 Rxd4 29. Qc8+ Ke7 30. exd4 Qe1+ 0-1

[Event "Montreal op"]
[Site "Montreal CAN"]
[Date "2011.09.10"]
[Round "2.14"]
[White "Poirier, Erik"]
[Black "Gagnon, Serge"]
[Result "1-0"]
[WhiteElo "2029"]
[BlackElo "2101"]
[PlyCount "143"]
[GameId "2160767909648389"]
[EventDate "2011.09.09"]
[EventType "swiss"]
[EventRounds "5"]
[EventCountry "CAN"]

1. d4 d6 2. c4 e5 3. Nf3 e4 4. Ng5 f5 5. Nc3 Be7 6. Nh3 Nf6 7. e3 O-O 8. Be2 c6 9. O-O d5 10. cxd5 cxd5 11. Nf4 Kh8 12. Qb3 Nc6 13. Bd2 Na5 14. Qa4 b6 15. b4 Bd7 16. b5 Bc8 17. a3 g5 18. Nh3 Rg8 19. Kh1 Bd6 20. Ng1 Rg6 21. g3 Rh6 22. f4 gxf4 23. exf4 Be6 24. Nd1 Nc4 25. Bxc4 dxc4 26. Ne3 Ng4 27. Nxg4 fxg4 28. Be3 Rh5 29. Ne2 Qe7 30. Nc3 Rc8 31. Rfd1 Qb7 32. Qc2 Bf5 33. Kg1 Rh6 34. d5 Re8 35. Ne2 Rc8 36. a4 a5 37. Qd2 Kg8 38. Rac1 Bb4 39. Qd4 Bc5 40. Qc3 Qe7 41. Bd4 Rd6 42. Bxc5 Rxc5 43. Rd4 e3 44. Rxc4 Rcxd5 45. Rd4 Kf8 46. Rcd1 Qd7 47. Qxe3 Rxd4 48. Rxd4 Rxd4 49. Nxd4 Bg6 50. Qe5 Kg8 51. Kf2 Bf7 52. Ke3 Qc8 53. Nc6 Qd7 54. Ne7+ Kf8 55. Nf5 Qe6 56. Qxe6 Bxe6 57. Nd4 Bd5 58. f5 Kf7 59. Kf4 Kf6 60. Ne2 h5 61. Nc3 Bb3 62. Ke4 Kg5 63. Ke5 h4 64. f6 hxg3 65. hxg3 Kg6 66. f7 Bxf7 67. Nd5 Bxd5 68. Kxd5 Kf5 69. Kc6 Ke4 70. Kxb6 Kf3 71. Kxa5 Kxg3 72. b6 1-0

[Event "Montreal op"]
[Site "Montreal CAN"]
[Date "2011.09.10"]
[Round "2.15"]
[White "Cvetkovic, Simeon"]
[Black "Bergeron, Pascal"]
[Result "0-1"]
[WhiteElo "2065"]
[BlackElo "2138"]
[PlyCount "106"]
[GameId "2160767909648390"]
[EventDate "2011.09.09"]
[EventType "swiss"]
[EventRounds "5"]
[EventCountry "CAN"]

1. c4 d6 2. g3 g6 3. Bg2 Bg7 4. Nc3 e5 5. e3 f5 6. Nge2 Nf6 7. d4 O-O 8. O-O c6 9. b3 Qc7 10. Ba3 Rd8 11. Rc1 a5 12. Na4 Na6 13. Qd2 b6 14. Rc2 Bb7 15. Rd1 c5 16. Nac3 Bxg2 17. Kxg2 Nb4 18. Rcc1 Qb7+ 19. d5 Bh6 20. f3 Qf7 21. Rh1 Rf8 22. Rcf1 Rae8 23. Bc1 e4 24. f4 Bg7 25. Bb2 Ra8 26. Nc1 Qd7 27. a3 Na6 28. Nb5 Ne8 29. Ne2 Nac7 30. Bxg7 Qxg7 31. Nec3 h6 32. Rf2 Qd7 33. Ra1 Nf6 34. Rff1 Nce8 35. Na4 Rb8 36. b4 axb4 37. axb4 Ng7 38. bxc5 bxc5 39. Nac3 Rb7 40. Ra6 Nge8 41. Rfa1 g5 42. Rc6 gxf4 43. exf4 Nh5 44. Raa6 Rf6 45. Na4 Qe7 46. Qe3 Kh7 47. Nb6 Rg6 48. Kh1 Qg7 49. Qc3 Nxf4 50. Ra1 Nd3 51. Rf1 f4 52. Qxg7+ Rgxg7 53. Nc3 fxg3 0-1

[Event "Montreal op"]
[Site "Montreal CAN"]
[Date "2011.09.10"]
[Round "2.16"]
[White "Hirth, Julien"]
[Black "Poulin, Mathieu"]
[Result "1/2-1/2"]
[WhiteElo "2103"]
[BlackElo "2051"]
[PlyCount "73"]
[GameId "2160767909648391"]
[EventDate "2011.09.09"]
[EventType "swiss"]
[EventRounds "5"]
[EventCountry "CAN"]

1. d4 d5 2. c4 e6 3. Nc3 Nf6 4. Nf3 Be7 5. g3 O-O 6. Bg2 dxc4 7. Ne5 c5 8. dxc5 Qxd1+ 9. Nxd1 Bxc5 10. O-O Nc6 11. Nxc4 Bd7 12. Be3 Bxe3 13. Ndxe3 Rab8 14. Rfd1 b5 15. Nd6 Rb6 16. Rac1 e5 17. Ne4 Nd4 18. Nxf6+ gxf6 19. Rc7 Be6 20. Rxa7 Nxe2+ 21. Kf1 Nd4 22. Rc1 Rbb8 23. Nd5 Kg7 24. f4 Rfc8 25. Rcc7 Rxc7 26. Nxc7 Bc4+ 27. Kf2 Rd8 28. b3 Bd3 29. Nd5 Nc2 30. Ne3 Rc8 31. Bd5 Bg6 32. a4 Nxe3 33. Kxe3 Rc5 34. Rd7 Bf5 35. Rd8 bxa4 36. bxa4 Bc2 37. Rd7 1/2-1/2

[Event "Montreal op"]
[Site "Montreal CAN"]
[Date "2011.09.10"]
[Round "2.17"]
[White "Drolet, Stephane"]
[Black "Sasseville, Jean"]
[Result "1-0"]
[WhiteElo "2079"]
[BlackElo "1989"]
[PlyCount "41"]
[GameId "2160767909648392"]
[EventDate "2011.09.09"]
[EventType "swiss"]
[EventRounds "5"]
[EventCountry "CAN"]

1. d4 f5 2. Nc3 Nf6 3. Bg5 d5 4. Bxf6 exf6 5. e3 Be6 6. Bd3 Nc6 7. Qf3 Qd7 8. a3 O-O-O 9. Nge2 g6 10. Nf4 Bf7 11. Bb5 h5 12. Nd3 Bh6 13. Nf4 Rhe8 14. Bxc6 bxc6 15. Qe2 Re6 16. Na4 Bf8 17. Nd3 Rde8 18. Ndc5 Qe7 19. Qa6+ Kd8 20. O-O-O f4 21. Qxa7 1-0

[Event "Montreal op"]
[Site "Montreal CAN"]
[Date "2011.09.10"]
[Round "2.18"]
[White "Lepine, Cedric"]
[Black "Le Duin, Thierry"]
[Result "1-0"]
[WhiteElo "2050"]
[BlackElo "2079"]
[PlyCount "71"]
[GameId "2160767909648393"]
[EventDate "2011.09.09"]
[EventType "swiss"]
[EventRounds "5"]
[EventCountry "CAN"]

1. d4 Nf6 2. c4 c5 3. d5 b5 4. cxb5 a6 5. b6 Qxb6 6. Nc3 d6 7. e4 g6 8. Nf3 Bg4 9. h3 Bxf3 10. Qxf3 Nbd7 11. Qe2 Bg7 12. g3 O-O 13. Bg2 Rab8 14. O-O Ne8 15. Na4 Qa5 16. Qc2 Nb6 17. Nxb6 Rxb6 18. Bd2 Qb5 19. Rab1 Nc7 20. b4 Rfb8 21. a4 Qd7 22. bxc5 Rxb1 23. Rxb1 Rxb1+ 24. Qxb1 dxc5 25. Bf4 Ne8 26. a5 Qc8 27. Qb6 Bc3 28. Bf1 c4 29. e5 f6 30. exf6 Nxf6 31. Qc6 Qd8 32. Bxc4 Qxa5 33. d6+ Kg7 34. dxe7 Qa1+ 35. Kg2 Qe1 36. Be3 1-0

[Event "Montreal op"]
[Site "Montreal CAN"]
[Date "2011.09.10"]
[Round "2.19"]
[White "Forget, Luc"]
[Black "Seguin, Rene"]
[Result "1/2-1/2"]
[WhiteElo "2073"]
[BlackElo "1949"]
[PlyCount "64"]
[GameId "2160767909648394"]
[EventDate "2011.09.09"]
[EventType "swiss"]
[EventRounds "5"]
[EventCountry "CAN"]

1. d4 Nf6 2. c4 g6 3. Nc3 d5 4. cxd5 Nxd5 5. Bd2 Bg7 6. e4 Nxc3 7. Bxc3 O-O 8. Bc4 c5 9. d5 Bxc3+ 10. bxc3 Qa5 11. Qd2 Nd7 12. Ne2 Ne5 13. Bb3 c4 14. Bc2 e6 15. f4 Nd3+ 16. Bxd3 cxd3 17. Qxd3 exd5 18. O-O dxe4 19. Qxe4 Bf5 20. Qb4 Qxb4 21. cxb4 Bd3 22. Rfe1 Rfe8 23. Ng3 Kf8 24. Kf2 Rac8 25. Rxe8+ Rxe8 26. Rd1 Bc4 27. Rd2 f5 28. a3 Re7 29. Rc2 Bb5 30. Rc5 a6 31. Rc2 Kf7 32. Nf1 Bxf1 1/2-1/2

[Event "Montreal op"]
[Site "Montreal CAN"]
[Date "2011.09.10"]
[Round "2.20"]
[White "Papineau (Granby), Daniel"]
[Black "Fiedler, Brian"]
[Result "1-0"]
[WhiteElo "2078"]
[BlackElo "2072"]
[PlyCount "43"]
[GameId "2160767909648395"]
[EventDate "2011.09.09"]
[EventType "swiss"]
[EventRounds "5"]
[EventCountry "CAN"]

1. d4 e6 2. c4 f5 3. g3 Nf6 4. Bg2 c6 5. Nc3 Bb4 6. Qb3 Qe7 7. Bf4 Nh5 8. Bd2 O-O 9. Nh3 c5 10. O-O Nc6 11. dxc5 Bxc5 12. Na4 b6 13. Rad1 Ba6 14. Nxc5 bxc5 15. Qa4 Bb7 16. Be3 Rfb8 17. Rd2 Ne5 18. b3 Bxg2 19. Kxg2 a5 20. Rfd1 Ra7 21. Qa3 Rb4 22. Rd6 1-0

[Event "Montreal op"]
[Site "Montreal CAN"]
[Date "2011.09.10"]
[Round "2.22"]
[White "Yun, Chang"]
[Black "Libersan, Thierry"]
[Result "0-1"]
[WhiteElo "1990"]
[BlackElo "2066"]
[PlyCount "106"]
[GameId "2160767909648397"]
[EventDate "2011.09.09"]
[EventType "swiss"]
[EventRounds "5"]
[EventCountry "CAN"]

1. e4 c5 2. Nf3 e6 3. d4 cxd4 4. Nxd4 Nf6 5. Nc3 Nc6 6. Ndb5 d6 7. Bf4 e5 8. Bg5 a6 9. Na3 b5 10. Nd5 Be7 11. Bxf6 Bxf6 12. c3 Ne7 13. Nc2 Bb7 14. Nce3 Bg5 15. Nxe7 Bxe7 16. Nd5 O-O 17. Qd3 Kh8 18. Be2 Rc8 19. Rd1 Bxd5 20. Qxd5 Qb6 21. O-O Rc5 22. Qb3 Qc6 23. Bf3 g6 24. Rfe1 Kg7 25. g3 a5 26. Rd5 Rxd5 27. Qxd5 Qxd5 28. exd5 Rc8 29. a4 Rb8 30. Ra1 bxa4 31. Rxa4 Rxb2 32. Rxa5 Bd8 33. Ra4 Bb6 34. Rb4 Rxf2 35. Bg2 Rb2+ 36. Kh1 Rxb4 37. cxb4 f5 38. Bf1 Kf6 39. h4 e4 40. Kg2 Ke5 41. Bc4 Kd4 42. Ba2 Kc3 43. Kf1 Kxb4 44. Ke2 Kc3 45. Kd1 Kd3 46. Ke1 Ke3 47. h5 Kf3 48. Bc4 Kxg3 49. Bb5 gxh5 50. Bd7 f4 51. Bf5 e3 52. Bxh7 f3 53. Bd3 h4 0-1

[Event "Montreal op"]
[Site "Montreal CAN"]
[Date "2011.09.10"]
[Round "3.3"]
[White "L'Ami, Alina"]
[Black "Trottier, Emile"]
[Result "1-0"]
[WhiteElo "2368"]
[BlackElo "2090"]
[PlyCount "87"]
[GameId "2160767909648400"]
[EventDate "2011.09.09"]
[EventType "swiss"]
[EventRounds "5"]
[EventCountry "CAN"]

1. d4 e6 2. c4 f5 3. g3 Nf6 4. Bg2 d5 5. Nh3 c6 6. O-O Be7 7. Qc2 O-O 8. Nd2 Ne4 9. Nf3 Nd7 10. Nf4 Ndf6 11. Nd3 Bd7 12. Nfe5 Be8 13. Nf4 Qc8 14. c5 Ng5 15. b4 Nf7 16. Nf3 g5 17. Nd3 Nd7 18. Be3 Bf6 19. Rae1 h6 20. Bc1 e5 21. dxe5 Nfxe5 22. Nfxe5 Nxe5 23. Nxe5 Bxe5 24. f4 Bd4+ 25. Kh1 g4 26. e4 dxe4 27. Qc4+ Kh7 28. Qxd4 Bf7 29. Bb2 Rg8 30. Qf6 Qe6 31. Rd1 Qxf6 32. Bxf6 Bd5 33. Kg1 Kg6 34. Be5 Rad8 35. a3 Kf7 36. Rfe1 Ke6 37. Kf2 h5 38. Bf1 Rd7 39. b5 Rgd8 40. bxc6 Bxc6 41. Bc4+ Bd5 42. Rxd5 Rxd5 43. Rd1 R8d7 44. Bd6 1-0

[Event "Montreal op"]
[Site "Montreal CAN"]
[Date "2011.09.10"]
[Round "3.4"]
[White "Zhu, Hong Rui"]
[Black "Jiang, Louie"]
[Result "0-1"]
[WhiteElo "1959"]
[BlackElo "2327"]
[PlyCount "66"]
[GameId "2160767909648401"]
[EventDate "2011.09.09"]
[EventType "swiss"]
[EventRounds "5"]
[EventCountry "CAN"]

1. e4 c5 2. Nf3 a6 3. c4 Nc6 4. d4 cxd4 5. Nxd4 e5 6. Nc2 Nf6 7. Nc3 Bc5 8. Bd3 O-O 9. O-O d6 10. h3 h6 11. Ne3 Be6 12. Nf5 Nd4 13. Nxd4 Bxd4 14. Ne2 Ba7 15. Ng3 Rc8 16. Qe2 Bd4 17. Kh1 Re8 18. f4 exf4 19. Bxf4 Qb6 20. Rab1 d5 21. e5 dxc4 22. exf6 cxd3 23. Qh5 Rc5 24. Qf3 Qc6 25. Qxd3 Bxh3 26. Rf3 Rc2 27. Bd2 Bxf6 28. Rbf1 Rd8 29. Qe4 Rdxd2 30. Qxc6 Bxg2+ 31. Kg1 Bd4+ 32. R3f2 bxc6 33. Kxg2 Rxf2+ 0-1

[Event "Montreal op"]
[Site "Montreal CAN"]
[Date "2011.09.10"]
[Round "3.6"]
[White "Masse, Hugues"]
[Black "Pottinger, Carl"]
[Result "1-0"]
[WhiteElo "2239"]
[BlackElo "2001"]
[PlyCount "81"]
[GameId "2160767909648403"]
[EventDate "2011.09.09"]
[EventType "swiss"]
[EventRounds "5"]
[EventCountry "CAN"]

1. d4 Nf6 2. c4 e6 3. Nc3 c5 4. d5 exd5 5. cxd5 d6 6. e4 a6 7. a4 g6 8. Bd3 Bg7 9. h3 O-O 10. Nf3 Nbd7 11. O-O Re8 12. Re1 Ne5 13. Nxe5 Rxe5 14. Bf4 Re8 15. Qd2 Qc7 16. Bc4 Nd7 17. Bh2 Ne5 18. Bf1 f6 19. a5 Bd7 20. f4 Nf7 21. Na4 Bxa4 22. Rxa4 Qd7 23. Rc4 Rab8 24. Bd3 b5 25. axb6 Rxb6 26. b4 cxb4 27. Rxb4 Rxb4 28. Qxb4 Qa7+ 29. Kh1 a5 30. Qa4 Rb8 31. Bg1 Qc7 32. Ra1 Qc3 33. Rd1 Qb4 34. Qc6 Qa3 35. Bd4 g5 36. fxg5 fxg5 37. Bxg7 Kxg7 38. Qd7 Qc3 39. Rf1 Rf8 40. Be2 Qc8 41. Rxf7+ 1-0

[Event "Montreal op"]
[Site "Montreal CAN"]
[Date "2011.09.10"]
[Round "3.8"]
[White "Roy, Myriam"]
[Black "Qin, Zi Yi (Joey)"]
[Result "0-1"]
[WhiteElo "1957"]
[BlackElo "2166"]
[PlyCount "78"]
[GameId "2160767909648405"]
[EventDate "2011.09.09"]
[EventType "swiss"]
[EventRounds "5"]
[EventCountry "CAN"]

1. e4 c5 2. Nf3 d6 3. d4 cxd4 4. Nxd4 Nf6 5. Nc3 a6 6. f4 e5 7. Nf3 Qc7 8. Bd3 Be7 9. a4 O-O 10. O-O Nbd7 11. Kh1 b6 12. Qe1 Bb7 13. fxe5 dxe5 14. Bg5 Bb4 15. Nh4 Ne8 16. Nf5 Bxc3 17. bxc3 f6 18. Bd2 Nd6 19. Ne7+ Kf7 20. Nd5 Bxd5 21. exd5 Kg8 22. Qh4 f5 23. Rae1 a5 24. Re3 e4 25. Be2 Nf6 26. Rh3 g6 27. c4 Rf7 28. Bc3 Raf8 29. Qh6 Nb7 30. Rf4 Nc5 31. Rfh4 Rg7 32. Qg5 Qd6 33. g4 Nxa4 34. Bd4 f4 35. Be5 Qb4 36. Kg2 Qd2 37. Kf2 e3+ 38. Kf3 Qe1 39. Bxf4 Qf2# 0-1

[Event "Montreal op"]
[Site "Montreal CAN"]
[Date "2011.09.10"]
[Round "3.10"]
[White "Hamilton, Robert"]
[Black "Abou Nassif, Ahmad"]
[Result "1-0"]
[WhiteElo "2301"]
[BlackElo "2100"]
[PlyCount "95"]
[GameId "2160767909648407"]
[EventDate "2011.09.09"]
[EventType "swiss"]
[EventRounds "5"]
[EventCountry "CAN"]

1. d4 Nf6 2. c4 c5 3. Nf3 g6 4. Nc3 Bg7 5. e4 cxd4 6. Nxd4 O-O 7. Be2 Nc6 8. Be3 d6 9. h3 Qa5 10. O-O Bd7 11. Nb3 Qc7 12. Rc1 Rfc8 13. Qd2 Na5 14. f3 Nxb3 15. axb3 Nh5 16. Nd5 Qd8 17. Ra1 Ng3 18. Rfe1 Nxe2+ 19. Rxe2 b5 20. Qd3 e6 21. Nc3 bxc4 22. bxc4 Qc7 23. b3 a5 24. Rea2 Rab8 25. Rb1 Bxc3 26. Qxc3 a4 27. Rc2 e5 28. b4 d5 29. exd5 Bf5 30. c5 Bxc2 31. Qxc2 Qd7 32. Qe4 Qf5 33. c6 Qxe4 34. fxe4 Rb5 35. Bc5 f5 36. d6 Rxc6 37. d7 Rb8 38. Be7 Kf7 39. d8=Q Rxd8 40. Bxd8 fxe4 41. b5 Rc8 42. Bg5 Ke6 43. Be3 Kd5 44. b6 a3 45. b7 Rb8 46. Ba7 Rxb7 47. Rxb7 a2 48. Rd7+ 1-0

[Event "Montreal op"]
[Site "Montreal CAN"]
[Date "2011.09.10"]
[Round "3.11"]
[White "Gauthier, Denis"]
[Black "Gulko, Andrei"]
[Result "0-1"]
[WhiteElo "2000"]
[BlackElo "2215"]
[PlyCount "99"]
[GameId "2160767909648408"]
[EventDate "2011.09.09"]
[EventType "swiss"]
[EventRounds "5"]
[EventCountry "CAN"]

1. d4 Nf6 2. c4 e5 3. dxe5 Ng4 4. Bf4 Bb4+ 5. Nd2 d6 6. Ngf3 dxe5 7. Bxe5 Bxd2+ 8. Qxd2 Qxd2+ 9. Kxd2 Nxf2 10. Rg1 O-O 11. Ke1 Ne4 12. g3 Na6 13. a3 Re8 14. Bg2 Bg4 15. Bf4 h6 16. Ne5 Bf5 17. g4 Bh7 18. Bxe4 Bxe4 19. Kf2 Nc5 20. b4 Ne6 21. Bg3 f6 22. Nd3 Bxd3 23. exd3 Red8 24. Rge1 Kf7 25. Re3 Rd7 26. Rd1 c6 27. c5 Nd4 28. Re4 Nb5 29. Rde1 Nxa3 30. Bd6 Rad8 31. Re7+ Kg8 32. R1e6 Nb5 33. Ke3 Nc3 34. Re8+ Rxe8 35. Rxe8+ Kf7 36. Rf8+ Kg6 37. h4 h5 38. gxh5+ Kxh5 39. Rh8+ Kg6 40. h5+ Kf5 41. h6 gxh6 42. Rxh6 Nd5+ 43. Kf3 Nxb4 44. Ke3 Nd5+ 45. Kd4 Ne7 46. Kc4 Ke6 47. Bb8 b5+ 48. cxb6 axb6 49. Rh8 b5+ 50. Kc5 0-1

[Event "Montreal op"]
[Site "Montreal CAN"]
[Date "2011.09.10"]
[Round "3.12"]
[White "Schott, Guido"]
[Black "Drolet, Stephane"]
[Result "1-0"]
[WhiteElo "2184"]
[BlackElo "2079"]
[PlyCount "155"]
[GameId "2160767909648409"]
[EventDate "2011.09.09"]
[EventType "swiss"]
[EventRounds "5"]
[EventCountry "CAN"]

1. e4 e6 2. d3 d5 3. Nd2 Nf6 4. Ngf3 dxe4 5. dxe4 Bc5 6. Bd3 Nc6 7. O-O e5 8. Nb3 Bb6 9. Qe2 Qe7 10. a4 a6 11. a5 Ba7 12. Be3 Be6 13. Bxa7 Nxa7 14. Bc4 Bg4 15. h3 Bh5 16. Qe3 Bxf3 17. Qxf3 Nc8 18. Qe3 Nd6 19. Bd3 O-O 20. Rae1 Nd7 21. g3 Rac8 22. Nc5 Nxc5 23. Qxc5 Nf5 24. Qxe7 Nxe7 25. f4 Nc6 26. Ra1 Rcd8 27. Ra3 Rd4 28. Rc3 Rd6 29. fxe5 Rg6 30. Kg2 Rc8 31. Rc5 Re8 32. Bc4 Re7 33. e6 Nd8 34. exf7+ Kf8 35. e5 c6 36. Bd3 Rh6 37. Bf5 Rxf7 38. Bg4 Rxf1 39. Kxf1 Ke7 40. Rc3 Rg6 41. Kg2 Rg5 42. Re3 Ne6 43. Rb3 Nc5 44. Re3 h5 45. Bc8 Nd7 46. Bxb7 Nb8 47. Bc8 Kd8 48. h4 Rg6 49. Bf5 Rh6 50. Kf3 Rh8 51. Kf4 c5 52. Rc3 Nc6 53. Rxc5 Ne7 54. Be4 Rf8+ 55. Ke3 Rf1 56. Bd3 Rg1 57. Kf2 Rb1 58. b3 Ra1 59. Bxa6 Nf5 60. e6 g6 61. Bd3 Nh6 62. a6 Ng4+ 63. Kf3 Re1 64. a7 Ra1 65. Bxg6 Rf1+ 66. Ke2 Ra1 67. Rxh5 Ke7 68. Bf5 Nf6 69. Rg5 Ne8 70. h5 Rxa7 71. h6 Ra8 72. h7 Nf6 73. Rg7+ Kd6 74. Rb7 Nd5 75. g4 Nf4+ 76. Kf3 Nd5 77. Rd7+ Ke5 78. e7 1-0

[Event "Montreal op"]
[Site "Montreal CAN"]
[Date "2011.09.10"]
[Round "3.13"]
[White "Bergeron, Pascal"]
[Black "Lepine, Cedric"]
[Result "0-1"]
[WhiteElo "2138"]
[BlackElo "2050"]
[PlyCount "78"]
[GameId "2160767909648410"]
[EventDate "2011.09.09"]
[EventType "swiss"]
[EventRounds "5"]
[EventCountry "CAN"]

1. d4 Nf6 2. Bg5 d5 3. Bxf6 exf6 4. e3 Bd6 5. c4 dxc4 6. Bxc4 Nd7 7. Nc3 O-O 8. Qf3 Nb6 9. Bd3 Bd7 10. Nge2 Bc6 11. Qh3 g6 12. O-O-O Qc8 13. Qxc8 Raxc8 14. f3 Bd7 15. Ne4 Be7 16. N2c3 f5 17. Nc5 Bc6 18. Nb5 Nd5 19. Nxa7 Ra8 20. Nxc6 bxc6 21. e4 Ne3 22. Rde1 Nxg2 23. Reg1 Nf4 24. Bc4 Bxc5 25. dxc5 fxe4 26. Rg4 Nd3+ 27. Bxd3 exd3 28. a4 Rfe8 29. b3 Re3 30. Kd2 Rxf3 31. Rd4 f5 32. Rxd3 Rxd3+ 33. Kxd3 Kf7 34. Kc4 f4 35. Rd1 Ke6 36. Re1+ Kf6 37. Rd1 g5 38. Rd7 f3 39. Kd3 Re8 0-1

[Event "Montreal op"]
[Site "Montreal CAN"]
[Date "2011.09.10"]
[Round "3.14"]
[White "Khashper, Arkady"]
[Black "Hajiyev, Elshad"]
[Result "0-1"]
[WhiteElo "2115"]
[BlackElo "2041"]
[PlyCount "120"]
[GameId "2160767909648411"]
[EventDate "2011.09.09"]
[EventType "swiss"]
[EventRounds "5"]
[EventCountry "CAN"]
[SourceTitle "EXT 2022"]
[Source "ChessBase"]
[SourceDate "2021.10.06"]
[SourceVersion "1"]
[SourceVersionDate "2021.10.06"]
[SourceQuality "1"]

1. e4 c5 2. Nf3 Nc6 3. d4 cxd4 4. Nxd4 Nf6 5. Nc3 e5 6. Ndb5 d6 7. Bg5 a6 8. Na3 Be6 9. Nc4 Rc8 10. Bxf6 gxf6 11. Ne3 Nd4 12. Bd3 Rg8 13. Qh5 Rg6 14. O-O Rh6 15. Qd1 Rc5 16. Qd2 f5 17. f4 Qh4 18. g3 Qh5 19. exf5 Bd7 20. Be4 Rxc3 21. bxc3 Ne2+ 22. Kf2 Qxh2+ 23. Bg2 Nxg3 24. Ke1 Nxf1 25. Nxf1 Qh4+ 26. Qf2 Qxf2+ 27. Kxf2 b6 28. Rb1 d5 29. fxe5 Bc5+ 30. Ke2 Bxf5 31. Bxd5 Bxc2 32. Re1 Ba4 33. Kf3 Bc6 34. Bxc6+ Rxc6 35. Nd2 Re6 36. Ne4 Be7 37. Kf4 Kd7 38. Rg1 Rg6 39. Rh1 h6 40. Kf5 Kc6 41. Rd1 h5 42. Rh1 h4 43. Nf6 Bxf6 44. exf6 Rh6 45. Kg5 Rh7 46. Rh3 b5 47. Kg4 Kd5 48. Kg5 Ke4 49. Kg4 Rh6 50. Kg5 Rg6+ 51. Kh5 Rxf6 52. Rxh4+ Rf4 53. Rh1 Rf3 54. Rc1 Kd3 55. a4 Kc4 56. axb5 axb5 57. Kg4 Rxc3 58. Rf1 b4 59. Rxf7 b3 60. Rb7 Kd3 0-1